<The> Penguin dictionary of economics

Gespeichert in:
Bibliographische Detailangaben
1. Verfasser: Bannock, Graham
Weitere Verfasser: Baxter, R.E, Davis, Evan
Format: Buch
Sprache:Englisch
Veröffentlicht: London Penguin Books 1992
Ausgabe:5. ed.
Schlagworte:
Tags: Tag hinzufügen
Keine Tags, Fügen Sie das erste Tag hinzu!

MARC

LEADER 00000nam a2200000 4500
001 c131176
005 20221123102302.2
020 |a 0-14-051255-1 
041 0 |a eng 
044 |a GB 
245 1 0 |a <The> Penguin dictionary of economics  |c Graham Bannock, R.E. Baxter and Evan Davis 
250 |a 5. ed. 
264 1 |a London  |b Penguin Books  |c 1992 
300 |a 448 s. 
610 2 0 |a veda ekonomická 
610 2 0 |a ekonómia 
610 2 0 |a terminológia 
100 1 |a Bannock, Graham 
700 1 |a Baxter, R.E. 
700 1 |a Davis, Evan